000 00888nam a22003610a 4500
001 PT45975
003 AR-LpoUNG
005 20210131231104.0
008 191001ss.f.||||ag |||||||||||||||||spa d
020 _a9879015851
_c$17
040 _aAR-LpoUNG
_bspa
_cAR-LpoUNG
_eaacr
041 _aspa
044 _aag
082 0 _a982.067 533ami
245 1 0 _aMemoria activa :
_ba dos años del atentado a la AMIA
260 _aBuenos Aires :
_bPágina 12,
_cs.f..
300 _a96 p. :
_bil.
650 4 _aARGENTINA
650 4 _aDISCRIMINACION RACIAL
650 4 _aJUDIOS
650 4 _aJUSTICIA
650 4 _aMUERTES
650 4 _aVICTIMAS
650 4 _aVIOLENCIA
651 4 _aArgentina
653 _aAMIA
653 _aHOMENAJE
653 _aIMPUNIDAD
653 _aMEMORIA COLECTIVA
710 2 _aMemoria Activa (Buenos Aires)
905 _a45975
942 _cLSALA
999 _c7953
_d7953